'T' Logos Quiz Stats

 Plays Quiz Updated Jan 22, 2016

Also try: 'P' Logos
Challenge
Share
Tweet
Score 0/20 Timer 05:00
10 Plays Today
% Correct
Twitter
98.6%
Toyota
97.7%
Taco Bell
97.4%
Target
96%
TGI Friday's
88.6%
Texaco
79.1%
Minnesota Timberwolves
71.9%
TLC
68.1%
Toll House
64.7%
Top Gear
62.9%
% Correct
TiVo
60.6%
Oklahoma City Thunder
60.3%
Tic Tac
58.9%
Teenage Mutant Ninja Turtles
58.1%
TV Guide
57.4%
Toblerone
53.3%
Texas Instruments
49.2%
Tumblr
48.2%
Tinder
42.7%
TCM
34.2%

You're not logged in!

Compare scores with friends on all Sporcle quizzes.
Join for Free
OR
Log In

You Might Also Like...

Show Comments

Extras

Top Quizzes Today


Score Distribution

Your Account Isn't Verified!

In order to create a playlist on Sporcle, you need to verify the email address you used during registration. Go to your Sporcle Settings to finish the process.

Report this User

Report this user for behavior that violates our Community Guidelines.

Details: